| 000 | 00658nam a2200217 a 4500 | ||
|---|---|---|---|
| 999 |
_c2982 _d2982 |
||
| 001 | 2982 | ||
| 003 | BD-JhCC | ||
| 005 | 20171108203549.0 | ||
| 008 | 171108s1952 bg |||| ||a| 000 0 ben d | ||
| 035 | _a(BD-JhCC)2982 | ||
| 040 |
_aBD-JhCC _dBD-JhCC |
||
| 041 | _aben | ||
| 082 |
_a891.4435 _bAHS 1952 |
||
| 100 | _aআহসান, সৈয়দ আলী | ||
| 245 |
_aগল্প সংগ্রহ / _cসৈয়দ আলী আহসান |
||
| 260 |
_aঢাকা : _bপ্যারাডাইজ লাইব্রেরী, _c১৯৫২. |
||
| 300 |
_a254 p. : _c16 cm. |
||
| 650 | _aShort Stories | ||
| 942 |
_2ddc _cBK |
||